A field guide to the mammals of Egypt / (Record no. 2574)

MARC details
000 -LEADER
fixed length control field 00947nac a22003011i 4500
003 - CONTROL NUMBER IDENTIFIER
control field EG-ScBUE
005 - DATE AND TIME OF LATEST TRANSACTION
control field 20260330092844.0
008 - FIXED-LENGTH DATA ELEMENTS--GENERAL INFORMATION
fixed length control field 260314t2003 ua a f bd 001 0 eng d
020 ## - INTERNATIONAL STANDARD BOOK NUMBER
International Standard Book Number 9774248090
020 ## - INTERNATIONAL STANDARD BOOK NUMBER
International Standard Book Number 9789774248092
040 ## - CATALOGING SOURCE
Original cataloging agency EG-ScBUE
Language of cataloging eng
Description conventions rda
Transcribing agency EG-ScBUE
Modifying agency EG-ScBUE
043 ## - GEOGRAPHIC AREA CODE
Geographic area code f-ua---
082 04 - DEWEY DECIMAL CLASSIFICATION NUMBER
Classification number 591.962
Item number HOA
Edition number 22
100 1# - MAIN ENTRY--PERSONAL NAME
Personal name Hoath, Richard,
Relator term author.
245 12 - TITLE STATEMENT
Title A field guide to the mammals of Egypt /
Statement of responsibility, etc Richard Hoarth.
264 #1 - PUBLICATION, DISTRIBUTION, ETC. (IMPRINT)
Place of publication, distribution, etc Cairo :
Name of publisher, distributor, etc The American University In Cairo Press,
Date of publication, distribution, etc [2003]
264 #4 - PUBLICATION, DISTRIBUTION, ETC. (IMPRINT)
Date of publication, distribution, etc c2003
300 ## - PHYSICAL DESCRIPTION
Extent xv, 236 Pages :
Other physical details illustrations ;
Dimensions 21 cm
336 ## - CONTENT TYPE
Source rdacontent
Content type term text
Content type code txt
337 ## - MEDIA TYPE
Media type term unmediated
Source rdamedia
Media type code n
338 ## - CARRIER TYPE
Carrier type term volume
Carrier type code nc
Source rdacarrier
500 ## - GENERAL NOTE
General note Illustrations by the author.
500 ## - GENERAL NOTE
General note Includes glossary.<br/>
504 ## - BIBLIOGRAPHY, ETC. NOTE
Bibliography, etc Includes bibliographical references and index.<br/>
650 #7 - SUBJECT ADDED ENTRY--TOPICAL TERM
Topical term or geographic name as entry element Mammals
Geographic subdivision Egypt.
Source of heading or term BUEsh
655 ## - INDEX TERM--GENRE/FORM
Form subdivision Reading book
942 ## - ADDED ENTRY ELEMENTS (KOHA)
Koha item type Book - Borrowing
Source of classification or shelving scheme Dewey Decimal Classification
Holdings
Withdrawn status Lost status Source of classification or shelving scheme Damaged status Not for loan Collection code Home library Current library Shelving location Date acquired Source of acquisition Cost, normal purchase price Total Checkouts Total Renewals Full call number Barcode Date last seen Date checked out Cost, replacement price Price effective from Koha item type
    Dewey Decimal Classification     Baccah Central Library Central Library First floor 25/02/2007 Purchase 150.00 2 1 591.962 HOA 000001614 10/05/2026 10/08/2022 187.50 25/02/2007 Book - Borrowing